[Event "Nord Pas de Cal-chT"]
[Site "Lille"]
[Date "2004.??.??"]
[Round "1.21"]
[White "Mailleux, Guy"]
[Black "Stabik, Aurelien"]
[Result "1-0"]
[WhiteElo "1780"]
[BlackElo "1399"]
[PlyCount "55"]
[EventDate "2004.04.??"]
[EventType "team-swiss"]
[EventRounds "7"]
[EventCountry "FRA"]
[SourceTitle "EXT 2005"]
[Source "ChessBase"]
[SourceDate "2004.11.15"]
[SourceVersion "1"]
[SourceVersionDate "2004.11.15"]
[SourceQuality "1"]

1. d4 d5 2. c4 c6 3. Nf3 e6 4. e3 Bb4+ 5. Bd2 c5 6. cxd5 Qxd5 7. Nc3 Qd8 8. a3 Bxc3 9. Bxc3 cxd4 10. Bxd4 Nc6 11. Bxg7 Bd7 12. Be2 Qc7 13. Bxh8 0-0-0 14. Qc2 Nge7 15. Bf6 Be8 16. 0-0 Rd5 17. Bxe7 Qxe7 18. Rac1 Kb8 19. b4 Ka8 20. Qxh7 Nb8 21. Rfd1 Rf5 22. Qh8 f6 23. Rc8 Rh5 24. Qxe8 Qxe8 25. Rxe8 a6 26. Rdd8 a5 27. b5 Rc5 28. b6 1-0